01447pam a2200349 a 4500001000500000005001700005020002700022040002300049050002600072082001400098100002700112245005400139260003500193300002400228490003700252500005400289505000600343520020100349521002000550521002000570650002200590650002300612650002700635650004200662650002000704650002200724906004500746942001500791999001500806952014000821952013600961100220231117091518.0 a0836810244 (lg. print) aDLCcDLCdDLCbeng00aPZ7.M3567585bKq 198900a[Fic]2201 aMartin, Ann M.,d1955-10aKristy and the walking disaster /cAnn M. Martin. aNew York :bScholastic,c1989. a141 pages :c20 cm.1 aThe Baby-sitters Club ;vBook 20 a"First published by Scholastic Inc."--verso t. p. aP aWhen she sees how much her little brother and young stepbrother and stepsister want to play softball, thirteen-year-old Kristy starts her own team, which makes up in spirit what it lacks in skill. a650 bLexile  aP bRaz-Plus  0aLarge type books. 1aSoftballxFiction. 1aStepfamiliesxFiction. 1aBabysitters and babysittingxFiction. 1aClubsxFiction. 1aLarge type books. a7bcbccorignewd1eocipf19gy-gencatlg 2ddccBKn0 c1002d1002 00102ddc40708JUVFa001b001cTTPd2023-07-18l1oMAR Fic PZ7.M3567585pFIS03199r2025-04-23 11:04:58s2024-01-12t1w2023-07-18yBK 00102ddc40708JUVFa001b001cTK Oranged2023-11-17l0oMAR Fic PZ7.M3567585pFISTK00101r2023-11-17 09:15:06t2w2023-07-18yBK